Statistics for FC Barcelona scorers in Liga 2014-2015

Click here to take the quiz!

General Stats

  • This quiz has been taken 381 times
    (348 since last reset)
  • The average score is 10 of 14

Answer Stats

PlayerGoals% Correct
Lionel Messi43
100%
Luis Suarez16
98%
Neymar22
98%
Gérard Piqué5
94%
Jordi Alba1
89%
Xavi Hernandez2
89%
Ivan Rakitic5
83%
Sergio Busquets1
80%
Pedro6
75%
Jérémy Mathieu2
45%
Munir El Haddadi1
42%
Rafinha1
39%
Marc Bartra1
34%
Sandro Ramirez2
26%

Score Distribution

Percentile by Number Answered

Percent of People with Each Score

Your Score History

You have not taken this quiz since the last reset